| 000 | 00456nam a2200169 a 4500 | ||
|---|---|---|---|
| 001 | 4416 | ||
| 003 | CO-ViMGA | ||
| 008 | 141112s2004 ck r 000 u spa d | ||
| 040 |
_aCO-ViMGA _bspa _cCO-ViMGA |
||
| 082 | 0 | 4 | _a547 C177 |
| 100 | 1 |
_aCastellanos Tapias, Miguel Arturo _955122 |
|
| 245 | 1 | 0 | _aFundamentos de quĂmica organica |
| 260 |
_aMexico : _bMcGraw - Hill, _c1995 |
||
| 300 | _a239 p : il | ||
| 650 | 1 | 4 |
_aQUIMICA ORGANICA _95570 |
| 942 |
_2ddc _cBK |
||
| 999 |
_c16426 _d16426 |
||